| 000 | 01237nac a22002531u 4500 | ||
|---|---|---|---|
| 008 | 100916t xxu||||| |||| 00| 0 eng d | ||
| 010 | _a 2005049389 | ||
| 020 | _a0385514786 | ||
| 035 | _a(OCoLC)ocm60644816 | ||
| 082 | 0 | 0 |
_a658.562 _bCHO |
| 100 |
_aChowdhury, Subir. _919396 |
||
| 245 | 1 | 4 |
_aThe Ice Cream Maker : _bAn Inspiring Tale about Making Quality the Key Ingredient in Everything You Do / _cSubir Chowdhury. |
| 260 |
_aNew York : _bCurrency/Doubleday, _c2005. |
||
| 300 |
_a115 p. ; _c20 cm. |
||
| 650 | 0 |
_aTotal quality management. _919397 |
|
| 650 | 0 |
_aTotal quality control. _919398 |
|
| 650 | 0 |
_aManagement _xEmployee participation. _919399 |
|
| 650 | 0 |
_aCustomer relations. _919400 |
|
| 856 | 4 | 2 |
_3Contributor biographical information _uhttp://www.loc.gov/catdir/enhancements/fy0625/2005049389-b.html |
| 856 | 4 | 2 |
_3Publisher description _uhttp://www.loc.gov/catdir/enhancements/fy0625/2005049389-d.html |
| 856 | 4 | 2 |
_3Sample text _uhttp://www.loc.gov/catdir/enhancements/fy0625/2005049389-s.html |
| 942 |
_cBB _k658.562CHO _2ddc |
||
| 999 |
_c2503 _d2503 |
||